| 000 | 00425 a2200157 4500 | ||
|---|---|---|---|
| 001 | 61369 | ||
| 020 | _a9783190018734 | ||
| 040 | _cAnchieta - Pituba | ||
| 100 | _aGerbes, Johannes | ||
| 240 | 1 | 0 |
_aFit fürs Goethe-Zertifikat A2 _lpor |
| 245 | 1 | 0 | _aFit fürs Goethe-Zertifikat A2 |
| 300 | _a134 | ||
| 362 | 0 | _a2007 | |
| 650 | 4 | _a Uso padrão da língua alemã (prescptiva linguística - proficiência alemã) | |
| 942 | _cBK | ||
| 999 |
_c61369 _d61369 |
||